00914nam a2200193 a 450000100100000000500170001000800410002704000250006808200150009311000320010824000190014024501070015926000710026630000210033770000570035895201130041595201750052899900170070300003825720240704114906.0091125s2004 dr 000 0 spa d aDO-SdBNPbspacBNPHU axxxbR426e1 aRepública Dominicana944713a[ Leyes, etc.]10aEstatuto del ministerio público ley 78 - 03 /cPresentación Víctor Manuel Céspedes Martínez. aSanto Domingo :bEscuela Nacional del Ministerio Público,c2004. a101 p. ;c23 cm.1 aFernández Rodríguez, Aura Celeste,d1959-976547 0010718PDaPDbPDcHDd2013-04-05iLF1l0oxxx R426ep38257-10r2020-06-25w2020-06-25yLFPDZNo se presta 0010718PDaPDbPDcHDd2019-05-29iLF1l0oxxx R426ep38257-20r2020-06-25te. 2w2020-06-25yLFPDzPerteneció a la biblioteca personal de Maritza Baez.ZNo se presta c37747d37747